000 01314nam2a22002531 4500
001 RU\NLR\INFOCOMM19\5000018265
005 20250617024512.0
035 _a(NLR Aleph) 002389575
090 _a4626478
_c4626478
100 _a20041224d1985 |||y0rusy50 ca
101 0 _arus
102 _aRU
105 _ay ||||000|y
200 1 _aОпыт работы начальников участков на угольных шахтах Кузбасса по совершенствованию организации производства и труда
_fВ.А. Скукин
210 _d1985
_aБ. м.
461 0 _1001RU\NLR\INFOCOMM19\5000018196
_12001#$aУправление и кадры в угольной промышленности$eОбзор. информ.$fЦНИ экономики и НТИ угол. пром-сти (ЦНИЭИ уголь)$v1985, Вып.5
_94626286
_cМ.
_d1982-1985
_fЦНИ экономики и НТИ угол. пром-сти (ЦНИЭИ уголь)
_oОбзор. информ.
_tУправление и кадры в угольной промышленности
_v1985, Вып.5
700 1 _aСкукин
_bВ.А.
_4070
801 1 _aRU
_bInfoComm
_c20041224
801 0 _aRU
_bNLR
_gPSBO
852 _aNLR
_jП22/5002
942 _cISSUE
980 _aNB
980 _aRUSPER